Statistics for Historical Figures by Letter - E

Click here to take the quiz!

General Stats

  • This quiz has been taken 93 times
  • The average score is 13 of 20

Answer Stats

HintFigure% Correct
Scientist famous for relativityAlbert Einstein
100%
Lightbulb inventorThomas Edison
98%
Virgin queen of EnglandElizabeth
96%
French engineer who built the most
famous tower in the world
Gustave Eiffel
94%
Aviatrix who disappeared in 1937Amelia Earhart
93%
"I Like Ike" presidentDwight
Eisenhower
92%
Nickname of the wife of the
Argentinian president Perón
Evita
85%
Anglo-Saxon king called
"The Confessor"
Edward
80%
"Dirty Harry" and "Forgiven" actorClint Eastwood
80%
Drug lord of MedellínPablo Escobar
74%
Discovered GreenlandErik the Red
70%
Co-author of
"The Communist Manifesto"
Friedrich Engels
65%
Father of GeometryEuclid
63%
Former prime minister and
current president of Turkey
Recep Tayyip
Erdoğan
60%
Holocaust organizer who
led to Argentina
Adolf Eichmann
46%
Greatest jazz composer of all-timeDuke Ellington
33%
The number e (≈ 2.71828) is
named after this Swiss genius
Leonhard Euler
26%
Athenian author of "Medea"Euripides
21%
Jewish queen of XerxesEsther
20%
He founded Oracle in 1977Larry Ellison
8%

Score Distribution

Percentile by Number Answered

Percent of People with Each Score

Your Score History

You have not taken this quiz